000 01504nam a22002537a 4500
999 _c62517
_d62517
003 Ge_BSU
005 20241125145914.0
008 241125b2005 ge ||||| |||| 00| 0 geo d
020 _a9994045296
041 _ageo
080 _a070.485 ბ-90
100 _aბრაითუეითი, კრის,
_923781
245 _aწარმატებული საგაზეთო რეკლამა :
_b როგორ მივაღწიოთ ფინანსურ დამოუკიდებლობას რეკლამიდან მიღებული შემოსავლებით /
_cკრის ბრაითუეითი ; [მთარგმნ.: სოფიო გურგენიძე ; რედ.: დავით პაიჭაძე ;
250 _a[1-ლი ქართ. გამოც.].
264 _aთბილისი :
_bდიოგენე,
_c2005.
300 _a42 გვ. :
_bილ. ;
_c29 სმ.
653 _aახალი ამბების ბიზნესი
653 _aსაგაზეთო საქმე.
653 _aრეკლამა გაზეთში.
700 _aგურგენიძე , სოფიო
_eმთარგმნელი
_92821
700 _a პაიჭაძე, დავით
_eრედაქტორი
_923782
710 _a საერთაშ. კვლევ. და გაცვლების საბჭო (IREX)].
_923783
942 _2udc
_cBK